Transmisiones: árboles y acoplamientos; ejes, gorrones y pivotes; árboles y ejes sometidos a flexión y torsión; cojinetes y soportes

Saved in:
书目详细资料
Main Authors: Pezzano, Pascual A (Author), Klein, Alberto (Author)
格式: 图书
语言:西班牙语
出版: Buenos Aires El Ateneo 1952
丛编:Serie Elementos de Máquinas, 2
主题:
标签: 添加标签
没有标签, 成为第一个标记此记录!

MARC

LEADER 00000nam a2200000 a 4500
001 UCZ1584
003 CL-VaPUC
008 950824e19520000AG |||||||||||||||||spa|d
082 0 4 |a 621.82  |b PEZ  |2 21 
100 0 |a Pezzano, Pascual A  |e author  |9 345188 
700 0 |a Klein, Alberto  |e author  |9 345189 
245 1 0 |a Transmisiones: árboles y acoplamientos; ejes, gorrones y pivotes; árboles y ejes sometidos a flexión y torsión; cojinetes y soportes 
300 |a 149 p 
942 |c BK 
945 |d 19950824 00:00:00  |a awong 
260 |a Buenos Aires  |b El Ateneo  |c 1952 
650 0 |a Maquinaria  |9 260482 
650 7 |a MAQUINAS SIMPLES  |2 CL-VaPUC  |9 345190 
583 |a last modification  |c 19950824 00:00:00  |k Rodrigo Vera 
490 0 |a Serie Elementos de Máquinas, 2 
999 |c 238318  |d 238316 
952 |0 0  |1 0  |4 0  |6 621_820000000000000_PEZ_1952  |7 0  |8 A  |9 248428  |a BIBMEC  |b BIBMEC  |d 2019-11-18  |i 3127125  |o 621.82 PEZ 1952  |p 3127125  |r 2024-01-19  |w 2019-11-18  |y BK  |k MEC